Within four walls, (Record no. 552411)
[ view plain ]
| 000 -LEADER | |
|---|---|
| fixed length control field | 00743cam a22001691 4500 |
| 082 ## - DEWEY DECIMAL CLASSIFICATION NUMBER | |
| Classification number | 940.4 |
| Author Mark | HAR |
| -- | D |
| 100 1# - MAIN ENTRY--PERSONAL NAME | |
| Personal name | Harrison, Michael Charles Cooper, |
| 9 (RLIN) | 49624 |
| 245 10 - TITLE STATEMENT | |
| Title | Within four walls, |
| Statement of responsibility, etc. | by Major M. C. C. Harrison ... and Captain H. A. Cartwright ... illustrated by H. A. Cartwright. |
| 260 ## - PUBLICATION, DISTRIBUTION, ETC. | |
| Place of publication, distribution, etc. | London, |
| Name of publisher, distributor, etc. | E. Arnold & co., |
| Date of publication, distribution, etc. | 1930. |
| 300 ## - PHYSICAL DESCRIPTION | |
| Extent | xii, 306 p., 1 l. |
| Other physical details | front., illus. (incl. plans) plates, ports., fold. map. facsim. |
| Dimensions | 21 cm. |
| 500 ## - GENERAL NOTE | |
| General note | "The story of our joint and separate experiences in Germany."--Pref. |
| 526 ## - STUDY PROGRAM INFORMATION NOTE | |
| Program name | 0 |
| Interest level | 0 |
| Reading level | 0 |
| Title point value | 940_400000000000000_HAR |
| 650 #0 - SUBJECT ADDED ENTRY--TOPICAL TERM | |
| Topical term or geographic name entry element | MCE |
| 9 (RLIN) | 379 |
| 650 #0 - SUBJECT ADDED ENTRY--TOPICAL TERM | |
| Topical term or geographic name entry element | World War, 1914-1918 |
| General subdivision | Prisoners and prisons, German. |
| 9 (RLIN) | 49625 |
| 700 1# - ADDED ENTRY--PERSONAL NAME | |
| Personal name | Cartwright, Henry Antrobus, |
| 9 (RLIN) | 49626 |
| 942 ## - ADDED ENTRY ELEMENTS (KOHA) | |
| Source of classification or shelving scheme | |
| Koha item type | Book |
| Withdrawn status | Lost status | Source of classification or shelving scheme | Damaged status | Not for loan | Permanent Location | Current Location | Shelving location | Date acquired | Total Checkouts | Full call number | Barcode | Date last seen | Price effective from | Koha item type |
|---|---|---|---|---|---|---|---|---|---|---|---|---|---|---|
| Military College of Engineering (MCE) | Military College of Engineering (MCE) | 01/15/2015 | 940.4 HAR | MCE-ECW/40 | 01/15/2015 | 01/15/2015 | Book |
